000 01650cam a2200349 a 4500
001 12490385
003 OSt
005 20230605111935.0
008 010801s1998 enka b 001 0 eng
010 _a 2001419213
020 _a1856495523
040 _aDLC
_cDLC
_dDLC
043 _af------
082 _a333.7932
_bPLA
245 0 0 _aPlanning and management in the African power sector /
_cLucy Khalema-Redeby ... [et al.] ; with an introduction by V. Ranganathan.
246 1 4 _aPlanning & management in the African power sector
260 _aLondon ;
_aNew York :
_bZed Books in association with African Energy Policy Research Network (Afrepren), Nairobi ;
_aNew York :
_bDistributed in the USA exclusively by St. Martin's Press,
_c1998.
300 _axvi, 302 p. :
_bill. ;
_c22 cm.
440 0 _aAfrican energy policy research series
500 _a"African Energy Policy Research Network (Afrepren)"--Cover.
504 _aIncludes bibliographical references and index.
650 0 _aElectric utilities
_zAfrica
_xPlanning
_vCase studies.
650 0 _aElectric power consumption
_zAfrica
_xForecasting
_vCase studies.
700 1 _aRedeby, Lucy.
710 2 _aAfrican Energy Policy Research Network.
856 4 2 _3Contributor biographical information
_uhttp://www.loc.gov/catdir/bios/hol059/2001419213.html
856 4 2 _3Publisher description
_uhttp://www.loc.gov/catdir/description/hol052/2001419213.html
856 4 1 _3Table of contents
_uhttp://www.loc.gov/catdir/toc/hol051/2001419213.html
906 _a7
_bcbc
_corignew
_d3
_encip
_f20
_gy-gencatlg
942 _2ddc
_cBK
999 _c304
_d304